[Event "Finik op"]
[Site "Finik"]
[Date "2017.06.12"]
[Round "4"]
[White "Cekli, Cem"]
[Black "Caglar, Izzet"]
[Result "1-0"]
[WhiteElo "1599"]
[BlackElo "1631"]
[PlyCount "57"]
[EventDate "2017.06.10"]
[EventType "swiss"]
[EventRounds "7"]
[EventCountry "TUR"]
[SourceTitle "EXT 2018"]
[Source "ChessBase"]
[SourceDate "2017.10.13"]
[SourceVersion "1"]
[SourceVersionDate "2017.10.13"]
[SourceQuality "1"]

1. d4 Nf6 2. Nf3 d5 3. c4 c6 4. Nc3 Bf5 5. Bf4 e6 6. e3 Bd6 7. Bg3 Ne4 8. cxd5 exd5 9. Bd3 Bxg3 10. hxg3 Nd7 11. Nh4 Nxc3 12. bxc3 Bxd3 13. Qxd3 Nf6 14. a4 g6 15. a5 Qd6 16. a6 b6 17. Nf3 Ne4 18. Rh4 f6 19. Nd2 Nxg3 20. Qxg6+ hxg6 21. Rxh8+ Kf7 22. Rxa8 Ne4 23. Nxe4 dxe4 24. Rxa7+ Ke6 25. Rh7 Qb8 26. a7 Qa8 27. Rh8 Qxh8 28. a8Q Qxa8 29. Rxa8 1-0

[Event "Finik op"]
[Site "Finik"]
[Date "2017.06.10"]
[Round "1"]
[White "Caglar, Izzet"]
[Black "Mentese, Emrah"]
[Result "1-0"]
[WhiteElo "1631"]
[BlackElo "1132"]
[PlyCount "49"]
[EventDate "2017.06.10"]
[EventType "swiss"]
[EventRounds "7"]
[EventCountry "TUR"]
[SourceTitle "EXT 2018"]
[Source "ChessBase"]
[SourceDate "2017.10.13"]
[SourceVersion "1"]
[SourceVersionDate "2017.10.13"]
[SourceQuality "1"]

1. e4 d5 2. exd5 Nf6 3. Bb5+ Bd7 4. Bc4 e6 5. dxe6 fxe6 6. Nc3 Bd6 7. d4 Nc6 8. Nf3 a6 9. 0-0 0-0 10. d5 exd5 11. Nxd5 Nxd5 12. Qxd5+ Kh8 13. Bg5 Qe8 14. Rae1 Qg6 15. Nh4 Qh5 16. Be2 Qf7 17. Qxf7 Rxf7 18. Bc4 Rff8 19. Re4 Ne5 20. Bd5 c6 21. Bb3 Ng4 22. h3 Bh2+ 23. Kh1 Nxf2+ 24. Rxf2 Rxf2 25. Ng6+ 1-0

[Event "Kemer Turkey Cup"]
[Site "Kemer"]
[Date "2014.02.02"]
[Round "3"]
[White "Alagoz, Mahmut"]
[Black "Caglar, Izzet"]
[Result "1-0"]
[WhiteElo "1759"]
[BlackElo "1549"]
[PlyCount "113"]
[EventDate "2014.02.01"]
[EventType "swiss"]
[EventRounds "9"]
[EventCountry "TUR"]
[SourceTitle "CBM 158 Extra"]
[Source "ChessBase"]
[SourceDate "2014.02.28"]
[SourceVersion "1"]
[SourceVersionDate "2014.02.28"]
[SourceQuality "1"]

1. d4 Nf6 2. c4 e6 3. Nc3 Bb4 4. Nf3 Ng4 5. Qc2 f5 6. e3 b6 7. Bd3 Bb7 8. 0-0 Bxc3 9. bxc3 d6 10. Ne1 Nd7 11. f3 Ngf6 12. e4 fxe4 13. fxe4 0-0 14. Nf3 e5 15. Bg5 Qe8 16. a4 a5 17. Rae1 h6 18. Bh4 Nh5 19. Qd1 Nf4 20. Bc2 Nf6 21. Nd2 Bc8 22. Rf2 Qg6 23. Kh1 Be6 24. Rxf4 exf4 25. e5 Bf5 26. Bxf5 Qxf5 27. exf6 gxf6 28. Nf3 Rae8 29. d5 Kh7 30. Nd4 Qg6 31. Ne6 Rg8 32. Qf3 Qg4 33. Qxg4 Rxg4 34. g3 fxg3 35. hxg3 Rc8 36. Nf4 Rf8 37. Re7+ Kh8 38. Nh5 Rg6 39. Rxc7 f5 40. Nf4 Rg4 41. Kg2 h5 42. Kf3 Re8 43. Bf6+ Kg8 44. Ne6 Rg6 45. Bd4 f4 46. Nxf4 Rg4 47. Nxh5 Rxd4 48. Nf6+ Kf8 49. cxd4 Re1 50. Ne4 Rf1+ 51. Kg4 Rd1 52. Nxd6 Rxd4+ 53. Kf5 Rd1 54. Kf6 Rf1+ 55. Nf5 Ke8 56. Ke6 Re1+ 57. Kd6 1-0

[Event "Kemer Turkey Cup"]
[Site "Kemer"]
[Date "2014.02.01"]
[Round "1"]
[White "Ozen, Ali"]
[Black "Caglar, Izzet"]
[Result "1-0"]
[WhiteElo "1720"]
[BlackElo "1549"]
[PlyCount "28"]
[EventDate "2014.02.01"]
[EventType "swiss"]
[EventRounds "9"]
[EventCountry "TUR"]
[SourceTitle "CBM 158 Extra"]
[Source "ChessBase"]
[SourceDate "2014.02.28"]
[SourceVersion "1"]
[SourceVersionDate "2014.02.28"]
[SourceQuality "1"]

1. e4 c5 2. Nf3 Nc6 3. d4 cxd4 4. Nxd4 Nf6 5. Nc3 e6 6. Ndb5 Bb4 7. a3 Bxc3+ 8. Nxc3 d5 9. Bd3 dxe4 10. Nxe4 Nxe4 11. Bxe4 Qxd1+ 12. Kxd1 0-0 13. c3 e5 14. Re1 Re8 1-0